Normal view MARC view
  • Whitehouse, J. C.

Entry Personal Name

Number of records used in: 2

001 - CONTROL NUMBER

  • control field: 11735

003 - CONTROL NUMBER IDENTIFIER

  • control field: NUST

005 - DATE AND TIME OF LATEST TRANSACTION

  • control field: 20180717052148.0

008 - FIXED-LENGTH DATA ELEMENTS

  • fixed length control field: 180717|| aca||aabn | a|a d

040 ## - CATALOGING SOURCE

  • Original cataloging agency: NUST
  • Transcribing agency: NUST

100 ## - HEADING--PERSONAL NAME

  • Personal name: Whitehouse, J. C.

670 ## - SOURCE DATA FOUND

  • Source citation: Work cat.: (NUST)173193: Bernanos, Georges, 1888-1948. 11734, Under Satan's sun /, 2001.
© 2023 Central Library, National University of Sciences and Technology. All Rights Reserved.